Online
Catalog

Los romanos / (Record no. 22370)

MARC details
000 -CABECERA
campo de control de longitud fija 00963nam a2200265 a 4500
001 - NÚMERO DE CONTROL
campo de control 000022873
005 - FECHA Y HORA DE LA ÚLTIMA TRANSACCIÓN
campo de control 20200930021841.0
008 - DATOS DE LONGITUD FIJA--INFORMACIÓN GENERAL
campo de control de longitud fija 101120s1968 mx ab r 001 0 spa d
040 ## - FUENTE DE LA CATALOGACIÓN
Centro catalogador/agencia de origen DO-SdBNP
Lengua de catalogación spa
Centro/agencia transcriptor BNPHU
041 17 - CÓDIGO DE LENGUA
Código de lengua del texto/banda sonora o título independiente spa
Código de lengua original eng
Fuente del código Código de idiomas MARC
082 ## - NÚMERO DE LA CLASIFICACIÓN DECIMAL DEWEY
Número de clasificación nnnn
Número de documento/Ítem D866r, 1968
049 ## - FONDOS LOCALES (OCLC)
Fondos de biblioteca BNGR
100 1# - ENTRADA PRINCIPAL--NOMBRE DE PERSONA
Nombre de persona Duggan, Alfred,
Fechas asociadas al nombre 1903-1964
9 (RLIN) 47007
240 14 - TÍTULO UNIFORME
Título uniforme The romans.
Lenguaje de la obra Español.
245 14 - MENCIÓN DE TÍTULO
Título Los romanos /
Mención de responsabilidad, etc. Alfred Duggan ; traducción de María Luisa Díez Canedo ; Ilustraciones de Ríchard M. Powers.
250 ## - MENCIÓN DE EDICIÓN
Mención de edición 2a ed.
260 ## - PUBLICACIÓN, DISTRIBUCIÓN, ETC.
Lugar de publicación, distribución, etc. México :
Nombre del editor, distribuidor, etc. Joquín Mortiz,
Fecha de publicación, distribución, etc. 1968.
300 ## - DESCRIPCIÓN FÍSICA
Extensión 118 p. :
Otras características físicas il., mapas ;
Dimensiones 20 cm.
490 1# - MENCIÓN DE SERIE
Mención de serie Cúlturas básicas del mundo
500 ## - NOTA GENERAL
Nota general Incluye índice
534 ## - NOTA SOBRE LA VERSIÓN ORIGINAL
Frase introductoria Título original en inglés:
Mención de título del original The romans.
Publicación, distribución, etc. del original USA: The World Publishing, 1964
700 1# - PUNTO DE ACCESO ADICIONAL--NOMBRE DE PERSONA
Nombre de persona Díez Canedo, María Luisa,
Término indicativo de función/relación tr.
9 (RLIN) 47008
700 1# - PUNTO DE ACCESO ADICIONAL--NOMBRE DE PERSONA
Nombre de persona Powers, Ríchard M.,
Término indicativo de función/relación ill.
9 (RLIN) 39352
830 #0 - PUNTO DE ACCESO ADICIONAL DE SERIE-TÍTULO UNIFORME
Título uniforme Cúlturas básicas del mundo
9 (RLIN) 47009
Holdings
Estado de retiro Estado de pérdida Restricciones de uso No para préstamo Código de colección Localización permanente Ubicación/localización actual Ubicación en estantería Fecha de adquisición Número de inventario Total de préstamos Signatura topográfica completa Código de barras Fecha visto por última vez Precio válido a partir de Tipo de ítem Koha
    Préstamo interno   Monografías: Libros y Folletos General General En catalogación 20.11.2010 LF1   nnnn D866r, 1968 22873-10 25.06.2020 25.06.2020 Préstamo interno

Powered by Koha